Valentines are for saying I love you / by Margaret Sutherland ; illustrated by Amy Wummer.
On February fourteenth, a little girl makes special valentines for everyone she loves--including her puppy who gets a card with a dog biscuit on it.
Record details
- ISBN: 9780448447025 (pbk.)
- ISBN: 0448447029 (pbk.)
- Physical Description: 1 v. (unpaged) : color illustrations ; 21 cm.
- Publisher: New York : Grosset & Dunlap, c2007.
Search for related items by subject
| Subject: | Valentine's Day > Fiction. Valentines > Fiction. |
Search for related items by series
Available copies
- 1 of 1 copy available at scottsboropl.
Holds
- 0 current holds with 1 total copy.
Show Only Available Copies
| Location | Call Number / Copy Notes | Barcode | Shelving Location | Status | Due Date |
|---|---|---|---|---|---|
| scottsboropl | E Sut | 32269000820582 | Juvenile - Easy | Available | - |
| LDR | 01121cam a2200301 a 4500 | ||
|---|---|---|---|
| 001 | 130922 | ||
| 003 | CONS | ||
| 005 | 20140703073306.0 | ||
| 008 | 070209s2007 nyua j 000 1 eng | ||
| 010 | . | ‡a 2007001227 | |
| 020 | . | ‡a9780448447025 (pbk.) | |
| 020 | . | ‡a0448447029 (pbk.) | |
| 035 | . | ‡a(CPomAG)LMN501405 | |
| 042 | . | ‡alcac | |
| 050 | 0 | 0. | ‡aPZ7.S9668 ‡bVal 2007 |
| 082 | 0 | 0. | ‡a[E] ‡222 |
| 100 | 1 | . | ‡aSutherland, Margaret. |
| 245 | 1 | 0. | ‡aValentines are for saying I love you / ‡cby Margaret Sutherland ; illustrated by Amy Wummer. |
| 260 | . | ‡aNew York : ‡bGrosset & Dunlap, ‡cc2007. | |
| 300 | . | ‡a1 v. (unpaged) : ‡bcolor illustrations ; ‡c21 cm. | |
| 440 | 0. | ‡aReading railroad books | |
| 520 | . | ‡aOn February fourteenth, a little girl makes special valentines for everyone she loves--including her puppy who gets a card with a dog biscuit on it. | |
| 650 | 1. | ‡aValentine's Day ‡vFiction. | |
| 650 | 1. | ‡aValentines ‡vFiction. | |
| 700 | 1 | . | ‡aWummer, Amy, ‡eillustrator. |
| 914 | . | ‡aSCP_ds | |
| 959 | . | ‡i32269000820582 ‡lE Sut ‡aJuvenile - Easy ‡tEasy ‡g15.00 | |
| 852 | . | ‡p32269000820582 ‡jE Sut ‡gJuvenile - Easy ‡cEasy ‡y15.00 ‡bSBPL | |
| 901 | . | ‡a130922 ‡bUnknown ‡c130922 ‡tbiblio | |